01058nam a22002897a 4500999001700000003000900017005001700026008004100043020001800084040004300102082002300145245007800168264005100246264001000297300002300307336002600330337002800356338002700384504005100411650003300462650003500495653002200530655002400552700002900576942001200605952015100617 c29106d29077EG-ScBUE20210426094616.0200219t2018 nyu f b 001 0 eng d a9781632407191 aEG-ScBUEbengerdacEG-ScBUEdEG-ScBUE04a302.23072bMED22200aMedia and mass communication in a digital age /cedited by Alley Webster. 1aNew York, NY :bClanrye International,c[2018] 4cc2018 a225 pages ;c24 cm 2rdacontentatextbtxt 2rdamediaaunmediatedbn 2rdacarrieravolumebnc aIncludes bibliographical references and index. 7aMass mediaxResearch.2BUEsh 7aCommunicationxResearch2BUEsh bCOMAMEcApril2021 vReading book9342321 aWebster, Alley,eeditor. 2ddccBB 00102ddc40708BaccahaMAINbMAINc1STd2021-04-26ePurchaseg2390.00l0o302.23072 MEDp000050223r2025-07-15 00:00:00v2987.50w2021-04-26yBB